Príspevok ku skúmaniu procesu riadenia v obchodnom podniku kandidátska dizertačná práca
Guardado en:
| Autor principal: | |
|---|---|
| Autor Corporativo: | |
| Otros Autores: | |
| Formato: | Libro |
| Lenguaje: | eslovaco |
| Publicado: |
Bratislava
1974
|
| Materias: | |
| Etiquetas: |
Sin Etiquetas, Sea el primero en etiquetar este registro!
|
MARC
| LEADER | 00000nam a2200000 4500 | ||
|---|---|---|---|
| 001 | c002712 | ||
| 005 | 20221220102506.6 | ||
| 041 | 0 | |a slo | |
| 044 | |a SK | ||
| 245 | 1 | 0 | |a Príspevok ku skúmaniu procesu riadenia v obchodnom podniku |b kandidátska dizertačná práca |c Viliam Kováč ; Škol. Štefan Sloboda |
| 264 | 1 | |a Bratislava |c 1974 | |
| 300 | |a 170 s. | ||
| 610 | 2 | 0 | |a podnik obchodný |
| 610 | 2 | 0 | |a riadenie podnikové |
| 610 | 2 | 0 | |a nástroje riadenia |
| 610 | 2 | 0 | |a plánovanie podnikové |
| 100 | 1 | |a Kováč, Viliam | |
| 700 | 1 | |a Sloboda, Štefan | |
| 710 | 2 | |a Vysoká škola ekonomická v Bratislave | |